| 000 | 01075nam a22002537a 4500 | ||
|---|---|---|---|
| 005 | 20081030110339.0 | ||
| 008 | 081030t xxu||||| |||| 00| e hin d | ||
| 010 | _aHIN-84547 | ||
| 020 |
_a9788126715817 _c300.00 |
||
| 035 | _aHN-56893 | ||
| 037 | _bDBAD / PUB | ||
| 040 |
_aDPL _bHN |
||
| 082 | _a824 | ||
| 100 | _aकृष्ण कुमार | ||
| 245 |
_aसपनों का पेड़ / _cकृष्ण कुमार |
||
| 246 |
_aSapnon kaa ped _bby Krishan Kumar |
||
| 260 |
_aनई दिल्ली _bराजकमल प्रकाशन _c2008 |
||
| 270 |
_a1-बी, नेताजी सुभाष मार्ग _bनई दिल्ली _e110002 |
||
| 300 |
_a218पृ _c22सेमी (सजिल्द) |
||
| 650 | _aहिन्दी निबंध | ||
| 650 | _aHindi essays | ||
| 942 |
_2ddc _cHN _mकृष्णकु _h824 |
||
| 999 |
_c17308 _d17308 |
||